The new palmistry : (Record no. 156191)

MARC details
000 -LEADER
fixed length control field 00650nam a22002177a 4500
003 - CONTROL NUMBER IDENTIFIER
control field dpl
005 - DATE AND TIME OF LATEST TRANSACTION
control field 20180823124843.0
008 - FIXED-LENGTH DATA ELEMENTS--GENERAL INFORMATION
fixed length control field 180823b xxu||||| |||| 00| 0 eng d
010 ## - LIBRARY OF CONGRESS CONTROL NUMBER
LC control number A-779694
016 ## - NATIONAL BIBLIOGRAPHIC AGENCY CONTROL NUMBER
Record control number A-779694
035 ## - SYSTEM CONTROL NUMBER
System control number A-779694
037 ## - SOURCE OF ACQUISITION
Source of stock number/acquisition BPPD/PUB
040 ## - CATALOGING SOURCE
Transcribing agency 0
082 14 - DEWEY DECIMAL CLASSIFICATION NUMBER
Classification number 133.6
100 1# - MAIN ENTRY--PERSONAL NAME
Personal name Hipskind, Judith
245 1# - TITLE STATEMENT
Title The new palmistry :
Statement of responsibility, etc by Judith Hipskind
Remainder of title How to read the whole hand and the knuckles /
260 ## - PUBLICATION, DISTRIBUTION, ETC. (IMPRINT)
Place of publication, distribution, etc Bombay
Name of publisher, distributor, etc Jaico publishing house
Date of publication, distribution, etc 1995
270 ## - ADDRESS
Address 121, M G road
City Bombay
Postal code 400001
300 ## - PHYSICAL DESCRIPTION
Extent xxii, 309p.
Dimensions 21cm (Hb)
942 ## - ADDED ENTRY ELEMENTS (KOHA)
Institution code [OBSOLETE] dpl
Koha item type English Books
Call number prefix 133.6 / HIP
Source of classification or shelving scheme Dewey Decimal Classification
Classification part 133.6
Call number suffix HIP
Holdings
Withdrawn status Lost status Source of classification or shelving scheme Damaged status Not for loan Collection code Home library Current library Date acquired Source of acquisition Cost, normal purchase price Total Checkouts Full call number Barcode Date last seen Date checked out Cost, replacement price Price effective from Koha item type
    Dewey Decimal Classification     Non-fiction Shahdara Branch Shahdara Branch 23/08/2018 BPPD/PUB 0.00 2 133.6 HIP A-779694 29/02/2020 04/02/2020 0.00 23/08/2018 English Books

© Delhi Public Library
Hit Counter
free hit counter